| 000 | 00977cam a22002533a 4500 | ||
|---|---|---|---|
| 001 | 1716 | ||
| 003 | PGUSA | ||
| 005 | 20140828083005.0 | ||
| 008 | 990401s1999||||xxu|||||s|||||000 1 eng d | ||
| 040 |
_aPGUSA _beng |
||
| 042 | _adc | ||
| 050 | 4 | _aPS | |
| 100 | 1 |
_aFreeman, Mary Eleanor Wilkins, _d1852-1930 |
|
| 245 | 1 | 4 |
_aThe Copy-Cat, and other stories _h[electronic resource] / _cMary Eleanor Wilkins Freeman |
| 260 |
_bProject Gutenberg, _c1999 |
||
| 505 | 0 | _aThe copy-cat -- The cock of the walk -- Johnny-in-the-woods -- Daniel and little Dan'l -- Big sister Solly -- Little Lucy Rose -- Noblesse -- Coronation -- The amethyst comb -- The umbrella man -- The balking of Christopher -- Dear Annie | |
| 506 | _aPublic domain in the USA. | ||
| 516 | _aElectronic text | ||
| 653 | _aNew England -- Social life and customs -- Fiction | ||
| 653 | _aShort stories | ||
| 830 | 0 |
_aProject Gutenberg _v1716 |
|
| 856 | 4 | 0 | _uhttp://www.gutenberg.org/ebooks/1716 |
| 942 | _cEB | ||
| 999 |
_c231062 _d231062 |
||